000 01333 a2200253 4500
001 63928
005 20260521160826.0
008 260521a1995 arg spa d
003 AR-UNSa-BCEJYS
040 _aAR-UNSa-BCEJYS
_bspa
_cAR-UNSa-BCEJYS
080 _a658.012.4
_xGestión. Dirección. Autoridad. Técnicas y métodos de gestión (gestión del conocimiento, Outsourcing, Benchmarking...)
245 1 0 _aCambio de paradigmas empresariales
020 _a978-958-600-312-4
264 1 _aSantafé de Bogotá :
_bMcGraw-Hill
_c1995
300 _axvii, 365 p.
_c21
505 _a1. Introducción – 2. El equipo de negocios de alto desempeño – 3. La organización integrada – 4. La empresa ampliada – 5. La computación en red llega a su mayoría de edad – 6. Sistemas abiertos para un mundo abierto – 7. La revolución industrial en el software – 8. El logro de una nueva visión compartida – 9. Aplicación de procesos de reingeniería a los negocios – 10. Reprocesamiento de la tecnología de la información – 11. Realineación de la función de los SI – 12. Liderazgo para la transición –
041 _aspa
942 _cBK
590 _aniveau_biblio:m niveau_hierar:0
100 1 _aTapscott, Don
700 1 _aCaston, Art
700 1 _aBernal Osorio, Magaly
700 1 _aCano, Leonardo
999 _c36413
_d36413